Chicken cookbook /

Bibliographic Details
Corporate Author: Australian Women's Weekly Home Library
Other Authors: Blacker, Maryanne, Clark, Pamela
Format: Book
Language:English
Published: Sydney : ACP Pub. ; [1993]
Series:Home library (Sydney, Australia)
Subjects:

MARC

Tag First Indicator Second Indicator Subfields
LEADER 00000cam a2200000 a 4500
001 in00001241908
005 20151003072455.0
008 931112s1993 at a 001 0 eng d
020 |a 1863960058 
035 |a (OCoLC)29306676 
035 |9 AGT6607AM 
040 |a JED  |c JED  |d SLC  |d TXA  |d UtOrBLW 
049 |a TXAM 
082 0 4 |a 641.6/65  |2 20 
090 |a TX750.5.C45  |b C45 1993  
245 0 0 |a Chicken cookbook /  |c produced by the Australian Women's Weekly Home Library ; editor, Maryanne Blacker ; food editor, Pamela Clark. 
264 1 |a Sydney :  |b ACP Pub. ;  |c [1993] 
264 2 |a Portland, Or. :  |b Distributed in the U.S.A. for Whitecap Books Ltd. by Graphic Arts Center Pub., 
264 4 |c ©1993 
300 |a 127 pages :  |b color illustrations ;  |c 28 cm. 
336 |a text  |b txt  |2 rdacontent 
337 |a unmediated  |b n  |2 rdamedia 
338 |a volume  |b nc  |2 rdacarrier 
490 1 |a Home library 
500 |a "Plus duck, quail, turkey, goose and more"--Cover. 
500 |a Spine title: Home library chicken cookbook. 
500 |a Includes index. 
650 0 |a Cooking (Chicken) 
650 0 |a Cooking (Poultry) 
700 1 |a Blacker, Maryanne. 
700 1 |a Clark, Pamela. 
710 2 |a Australian Women's Weekly Home Library. 
730 0 |a Australian women's weekly. 
740 0 |a Home library chicken cookbook. 
830 0 |a Home library (Sydney, Australia) 
999 |a MARS 
999 f f |s 5f0f13e7-cfdb-3f04-8c04-b0b07d100477  |i c47e7d14-9831-3be8-a9d6-58d1f83d8779  |t 0 
952 f f |p ric  |a Texas A&M University  |b Rellis Campus  |c Joint Library Facility  |d Remote Storage  |t 0  |e TX750.5.C45 C45 1993  |h Library of Congress classification  |i unmediated -- volume  |m A14821534207 
998 f f |a TX750.5.C45 C45 1993  |t 0  |l Remote Storage